000 00608nam a2200205Ia 4500
005 20250326143823.0
008 250326s9999 xx 000 0 und d
020 _a81-7629-348-2
037 _aTextbook
040 _aFMSL
_beng
_cFMSL
041 _aeng
_2eng
084 _aR650CX:8 P3
_qFMSL
100 _aDave N V
_9744464
245 0 _aVedanta and management : relevance of vedantic concepts in modern management practices
_cDave N V
250 _a2
260 _aNew Delhi
_bNew Delhi, Deep & Deep
_c2003
300 _a162p
942 _cTB
_hR650CX:8 P3
999 _c1301188
_d1301188